L'Extraordinaire destinée de Sarah Bernhardt / (Record no. 137134)

MARC details
000 -CABECERA
campo de control de longitud fija 01864nam a2200349 i 4500
001 - NÚMERO DE CONTROL
campo de control 991061720876806706
003 - IDENTIFICADOR DEL NÚMERO DE CONTROL
campo de control ES-BaIT
005 - FECHA Y HORA DE LA ÚLTIMA TRANSACCIÓN
campo de control 20260225094921.0
008 - DATOS DE LONGITUD FIJA--INFORMACIÓN GENERAL
campo de control de longitud fija 260225e202408 fr a r 000 d fre c
020 ## - NÚMERO INTERNACIONAL ESTÁNDAR DEL LIBRO
Número Internacional Estándar del Libro 9782749816494
040 ## - FUENTE DE LA CATALOGACIÓN
Centro catalogador/agencia de origen ES-BaIT
Lengua de catalogación cat
Normas de descripción rda
Centro/agencia transcriptor ES-BaIT
080 ## - NÚMERO DE LA CLASIFICACIÓN DECIMAL UNIVERSAL
Número de la Clasificación Decimal Universal 840-2"20"
100 1# - ENTRADA PRINCIPAL--NOMBRE DE PERSONA
Nombre de persona Martineau, Géraldine
Término indicativo de función/relación autor
9 (RLIN) 168688
245 12 - MENCIÓN DE TÍTULO
Título L'Extraordinaire destinée de Sarah Bernhardt /
Mención de responsabilidad, etc. Géraldine Martineau
264 #1 - PRODUCCIÓN, PUBLICACIÓN, DISTRIBUCIÓN, FABRICACIÓN Y COPYRIGHT
Producción, publicación, distribución, fabricación y copyright Paris :
Nombre del de productor, editor, distribuidor, fabricante L'avant-scène théatre,
Fecha de producción, publicación, distribución, fabricación o copyright août 2024
300 ## - DESCRIPCIÓN FÍSICA
Extensión 119 pàgines :
Otras características físicas il·lustracions ;
Dimensiones 21 cm
336 ## - TIPO DE CONTENIDO
Término de tipo de contenido text
Código de tipo de contenido txt
Fuente rdacontent
336 ## - TIPO DE CONTENIDO
Término de tipo de contenido imatge fixa
Código de tipo de contenido sti
Fuente rdacontent
337 ## - TIPO DE MEDIO
Nombre/término del tipo de medio sense mediació
Código del tipo de medio n
Fuente rdamedia
338 ## - TIPO DE SOPORTE
Nombre/término del tipo de soporte volum
Código del tipo de soporte nc
Fuente rdacarrier
490 1# - MENCIÓN DE SERIE
Mención de serie L'Avant-scène théâtre ;
Designación de volumen o secuencia no 1560
500 ## - NOTA GENERAL
Nota general P8: D6, H2 i altres
500 ## - NOTA GENERAL
Nota general Publicat com no 1560 (août 2024) de la revista L'Avant-scène théâtre
500 ## - NOTA GENERAL
Nota general Estrena Théâtre du Palais-Royal el 27 d'agost 2024
500 ## - NOTA GENERAL
Nota general Inclou els figurins dels personatges de l'obra de Cindy Lombardi
520 ## - SUMARIO, ETC.
Sumario, etc. "L'Extraordinaire Destinée de Sarah Bernhardt nous emporte dans la vie de la première star internationale, celle qu'on nomma "la Divine", "le monstre sacré" ou encore "la Scandaleuse". Sarah osait tout, elle dormait dans un cercueil, collectionnait les hommes et les animaux, fit un enfant avec un prince, traversa deux guerres, claqua la porte de la Comédie-Française, alla jouer jusqu'au Far West... Tout cela avec extravagance, homour et un engangement sans faille, portée par sa divise, "Quand même!"Cette pièce est une ode à la liberté, la prise de risque et la détermination"-- Contracoberta
600 10 - PUNTO DE ACCESO ADICIONAL DE MATERIA--NOMBRE DE PERSONA
Nombre de persona Bernhardt, Sarah,
Fechas asociadas al nombre 1844-1923
Subdivisión de forma Textos dramàtics
9 (RLIN) 168689
830 ## - PUNTO DE ACCESO ADICIONAL DE SERIE-TÍTULO UNIFORME
Título uniforme Avant-scène.
Nombre de parte o sección de la obra Théâtre
Designación de volumen o secuencia no 1560
9 (RLIN) 168170
908 ## - COLOCAR PARÁMETRO DE COMANDO (RLIN)
Colocar parámetro de comando CDMAE
940 ## - EQUIVALENCIA O REFERENCIA-CRUZADA--TÍTULO UNIFORME [OBSOLETO] [solamente CAN/MARC]
Título uniforme <a href="CDMAE">CDMAE</a>
942 ## - ELEMENTOS DE ENTRADA AGREGADA (KOHA)
Fuente del sistema de clasificación o colocación Clasificación decimal universal
Tipo de ítem Koha Llibre
Holdings
Estado de retiro Estado de pérdida Fuente del sistema de clasificación o colocación Estado dañado No para préstamo Localización permanente Ubicación/localización actual Ubicación en estantería Fecha de adquisición Fuente de adquisición Total de préstamos Signatura topográfica completa Código de barras Fecha visto por última vez Precio válido a partir de Tipo de ítem Koha
    Clasificación decimal universal     Biblioteca Barcelona Biblioteca Barcelona BCN Magatzem Revistes 25/02/2026 Compra   S 143-06 1900089867 25/02/2026 25/02/2026 Llibre

Powered by Koha